Ireland in the age of imperialism and revolution, 1760-1801 /

Bibliographic Details
Main Author: McDowell, Robert Brendan
Format: Book
Language:English
Published: Oxford : New York : Clarendon Press ; Oxford University Press, 1979.
Subjects:

MARC

Tag First Indicator Second Indicator Subfields
LEADER 00000cam a22000008i 4500
001 in00000099453
005 20150926125615.0
008 790531s1979 enk b 00110 eng
010 |a  79040413  
015 |a GB79 
020 |a 019822480X :  |c 20.00 
035 |a (OCoLC)05100957 
035 |9 AAL3874AM 
040 |a DLC  |c DLC  |d TXA  |d UtOrBLW 
043 |a e-ie--- 
049 |a TXAM  |c [1191463] 
050 0 0 |a DA947  |b .M198 
082 0 |a 941.507 
100 1 |a McDowell, Robert Brendan. 
245 1 0 |a Ireland in the age of imperialism and revolution, 1760-1801 /  |c by R. B. McDowell. 
263 |a 7909 
264 1 |a Oxford :  |b Clarendon Press ;  |a New York :  |b Oxford University Press,  |c 1979. 
300 |a 740 pages ;  |c 22 cm. 
336 |a text  |b txt  |2 rdacontent 
337 |a unmediated  |b n  |2 rdamedia 
338 |a volume  |b nc  |2 rdacarrier 
500 |a Includes index. 
504 |a Bibliography: pages [705]-718. 
651 0 |a Ireland  |x History  |y 1760-1820. 
999 |a MARS 
999 f f |s 107c529c-4ec3-352a-9ec5-3964dcfd480e  |i a0e4dfef-a5ba-3efc-81e7-63e0a4784c19  |t 0 
952 f f |p ric  |a Texas A&M University  |b Rellis Campus  |c Joint Library Facility  |d Remote Storage  |t 0  |e DA947 .M198  |h Library of Congress classification  |i unmediated -- volume  |m A14801946272 
998 f f |a DA947 .M198  |t 0  |l Remote Storage